| Tag |
First Indicator |
Second Indicator |
Subfields |
| LEADER |
00000cam a2200000Ka 4500 |
| 001 |
in00004582021 |
| 006 |
m o d |
| 007 |
cr ||||||||||| |
| 008 |
200827r20201992enk ob 000 0 eng d |
| 005 |
20220613180043.4 |
| 035 |
|
|
|a (FlBoTFG)9781003066873
|
| 040 |
|
|
|a OCoLC-P
|b eng
|c OCoLC-P
|
| 020 |
|
|
|a 9781000104783
|q (e-book)
|
| 020 |
|
|
|a 1000104788
|q (e-book)
|
| 020 |
|
|
|a 9781003066873
|q (electronic bk.)
|
| 020 |
|
|
|a 1003066879
|q (electronic bk.)
|
| 020 |
|
|
|a 9781000130355
|q (electronic bk. : Mobipocket)
|
| 020 |
|
|
|a 1000130355
|q (electronic bk. : Mobipocket)
|
| 020 |
|
|
|a 9781000147995
|q (electronic bk. : EPUB)
|
| 020 |
|
|
|a 1000147991
|q (electronic bk. : EPUB)
|
| 024 |
7 |
|
|a 10.1201/9781003066873
|2 doi
|
| 035 |
|
|
|a (OCoLC)1196194324
|
| 035 |
|
|
|a (OCoLC-P)1196194324
|
| 050 |
|
4 |
|a QC793.5.B62
|
| 072 |
|
7 |
|a MAT
|x 000000
|2 bisacsh
|
| 072 |
|
7 |
|a MAT
|x 002000
|2 bisacsh
|
| 072 |
|
7 |
|a PBF
|2 bicssc
|
| 082 |
0 |
4 |
|a 539.721
|2 23
|
| 100 |
1 |
|
|a Charlier, Alphonse,
|d 1939-
|
| 245 |
1 |
0 |
|a Tensors and the Clifford algebra :
|b application to the physics of bosons and fermions /
|c Alphonse Charlier [and others] ; translated by Amanda Taylor.
|
| 250 |
|
|
|a 1st edition.
|
| 260 |
|
|
|a Boca Raton :
|b CRC Press,
|c [2020]
|
| 300 |
|
|
|a 1 online resource.
|
| 336 |
|
|
|a text
|b txt
|2 rdacontent
|
| 337 |
|
|
|a computer
|b c
|2 rdamedia
|
| 338 |
|
|
|a online resource
|b cr
|2 rdacarrier
|
| 490 |
1 |
|
|a Monographs and textbooks in pure and applied mathematics ;
|v 163
|
| 500 |
|
|
|a Originally published: New York: M. Dekker, 1992.
|
| 520 |
|
|
|a This practical reference and text presents the applications of tensors, Lie groups and algebra to Maxwell, Klein-Gordon and Dirac equations, making elementary theoretical physics comprehensible and high-level theoretical physics accessible.;Providing the fundamental mathematics necessary to understand the applications, Tensors and the Clifford Algebra offers lucid discussions of covariant tensor calculus; examines subjects from a variety of perspectives; supplies highly detailed developments of all calculations; employs the language of physics in its explanations; and illustrates the use of Clifford algebra and tensor calculus in studying bosons and fermions.;With over 2800 display equations and 14 appendixes, this book should be a useful reference for mathematical physicists and applied mathematicians, and an important text for upper-level undergraduate and graduate students in quantum mechanics, relativity, electromagnetism, theoretical physics, elasticity and field theory courses.
|
| 505 |
0 |
|
|a Tensor analysis; Minkowski space; covariant formulation of electromagnetism; the Cayley-Klein parameters; vector algebra; application of Clifford algebra to bosons -- Klein-Gordon equation; fermions -- Dirac equation.
|
| 588 |
|
|
|a OCLC-licensed vendor bibliographic record.
|
| 650 |
|
0 |
|a Bosons
|x Mathematics.
|
| 650 |
|
0 |
|a Fermions
|x Mathematics.
|
| 650 |
|
0 |
|a Calculus of tensors.
|
| 650 |
|
0 |
|a Clifford algebras.
|
| 650 |
|
0 |
|a Mathematical physics.
|
| 650 |
|
7 |
|a MATHEMATICS / General
|2 bisacsh
|
| 650 |
|
7 |
|a MATHEMATICS / Algebra / General
|2 bisacsh
|
| 655 |
|
7 |
|a Electronic books.
|2 local
|
| 710 |
1 |
|
|a Taylor & Francis.
|
| 730 |
0 |
|
|a MATHnetBASE.
|
| 856 |
4 |
0 |
|u http://proxy.library.tamu.edu/login?url=https://www.taylorfrancis.com/books/9781003066873
|z Connect to the full text of this electronic book
|t 0
|
| 999 |
f |
f |
|s e037e8df-d57e-4d27-b30b-db23c87b62dd
|i e037e8df-d57e-4d27-b30b-db23c87b62dd
|t 0
|
| 952 |
f |
f |
|a Texas A&M University
|b College Station
|c Electronic Resources
|d Available Online
|t 0
|e QC793.5.B62
|h Library of Congress classification
|
| 998 |
f |
f |
|a QC793.5.B62
|t 0
|l Available Online
|